| 000 | 00872nam a2200253Ia 4500 | ||
|---|---|---|---|
| 001 | 10551 | ||
| 003 | GE_BSU | ||
| 008 | 181216s||||||||xx |||||||||||||| ||und|| | ||
| 020 | _a9789994050758 | ||
| 040 | _cGE_BSU | ||
| 080 | _a368.9.06+614.2 | ||
| 100 | _aვერულავა,თენგიზ | ||
| 245 | _aჯანდაცვის ეკონომიკა და დაზღვევა | ||
| 245 | _bსახელმძღვ. | ||
| 245 | _cრედ.თ.ლობჟანიძე | ||
| 250 | _aმეორე გამოცემა | ||
| 260 | _aთბილისი | ||
| 260 | _bსაქ–ს უნ–ტი | ||
| 260 | _c2009 | ||
| 300 | _a776გვ.ცხრ.ნახ.ფოტ.24სმ. | ||
| 541 | _h48ლ. | ||
| 653 | _aჯანდაცვის ეკონომიკა და დაზღვევა | ||
| 942 | _cBK | ||
| 999 |
_c43806 _d43806 |
||